Biggest Cities in Belgium (Extreme) - Statistics

General Stats
  • This quiz has been taken 189 times
  • The average score is 49 of 298
Answer Stats
Population City % Correct
459,805 Antwerpen
97%
1,211,035 Brussels
97%
116,709 Bruges
90%
231,493 Ghent
90%
182,597 Liège
89%
200,132 Charleroi
84%
106,284 Namur
73%
92,892 Leuven
68%
91,277 Mons
67%
69,011 Ostend
66%
63,666 Genk
62%
73,879 Kortrijk
58%
36,251 Maasmechelen
52%
35,089 Ypres
52%
69,222 Hasselt
51%
77,534 Aalst
46%
29,778 Waterloo
46%
76,668 La Louvière
44%
69,010 Sint-Niklaas
43%
77,530 Mechelen
39%
32,659 Mol
39%
67,721 Tournai
37%
52,824 Verviers
37%
18,029 Eupen
35%
33,272 Lier
35%
37,859 Sint-Truiden
35%
26,179 Arlon
34%
33,781 Knokke-Heist
34%
52,069 Mouscron
34%
56,016 Roeselare
34%
32,112 Wavre
34%
35,896 Waregem
33%
12,875 Dinant
31%
39,654 Turnhout
31%
37,567 Lokeren
30%
10,756 Spa
30%
14,395 Bastogne
29%
26,681 Ath
28%
45,179 Beveren
28%
43,055 Dendermonde
28%
19,973 Huy
28%
10,845 Nieuwpoort
28%
28,985 Asse
27%
27,935 Oudenaarde
27%
60,737 Seraing
27%
34,697 Geel
26%
34,479 Halle
26%
31,993 Lommel
26%
31,916 Menen
26%
36,955 Vilvoorde
26%
11,514 Malmédy
25%
18,230 Blankenberge
23%
29,816 Tongeren
23%
15,810 Boom
22%
11,766 De Haan
22%
29,815 Deinze
22%
19,116 Eeklo
22%
21,027 Koksijde
22%
29,521 Louvain-la-Neuve
22%
18,933 Torhout
22%
11,983 Veurne
22%
22,579 Westerlo
22%
28,188 Zaventem
22%
27,656 Aarschot
21%
37,040 Brasschaat
21%
22,516 Diest
21%
19,218 Herent
21%
34,795 Ninove
21%
19,537 Poperinge
21%
19,299 Tielt
21%
31,743 Tienen
21%
14,670 Zulte
21%
37,873 Heist-op-den-Berg
20%
26,382 Izegem
20%
24,204 Ronse
20%
37,512 Braine-l'Alleud
19%
14,363 Bree
19%
10,924 Damme
19%
15,515 Diksmuide
19%
10,251 Durbuy
19%
30,807 Geraardsbergen
19%
25,912 Herentals
19%
16,856 Marche-en-Famenne
19%
27,297 Ans
18%
33,561 Grimbergen
18%
36,503 Herstal
18%
26,054 Temse
18%
30,954 Wevelgem
18%
23,684 Maaseik
17%
17,789 Middelkerke
17%
23,486 Overijse
17%
18,802 Aalter
16%
40,930 Beringen
16%
32,030 Binche
16%
16,861 Dour
16%
16,754 Essen
16%
22,891 Hamme
16%
25,978 Harelbeke
16%
14,458 Landen
16%
22,092 Maldegem
16%
22,047 Merelbeke
16%
24,525 Mortsel
16%
24,149 Nivelles
16%
33,622 Schoten
16%
20,623 Tervuren
16%
11,259 Virton
16%
22,930 Wetteren
16%
11,901 Zelzate
16%
24,434 Zottegem
16%
14,862 Bredene
15%
39,482 Dilbeek
15%
18,524 Hoogstraten
15%
21,859 Tubize
15%
29,622 Bilzen
14%
16,969 Denderleeuw
14%
20,290 Kontich
14%
24,771 Lanaken
14%
21,489 Oostkamp
14%
15,551 Peer
14%
15,944 Puurs
14%
13,737 Waremme
14%
12,887 Wingene
14%
24,055 Andenne
13%
19,696 Lochristi
13%
17,054 Visé
13%
17,340 Wervik
13%
22,808 Willebroek
13%
10,636 Aywaille
12%
10,370 Berlaar
12%
21,839 Edegem
12%
31,615 Evergem
12%
14,129 Hannut
12%
30,050 Houthalen-Helchteren
12%
13,488 Jabbeke
12%
12,252 Machelen
12%
18,249 Zwijndrecht
12%
19,997 Bornem
11%
25,908 Brecht
11%
10,020 De Pinte
11%
10,603 Ingelmunster
11%
26,410 Kapellen
11%
15,466 Lille
11%
13,689 Lummen
11%
18,497 Meise
11%
16,647 Péruwelz
11%
19,487 Sint-Katelijne-Waver
11%
30,446 Sint-Pieters-Leeuw
11%
14,193 Aartselaar
10%
12,247 Arendonk
10%
20,133 Braine-le-Comte
10%
20,960 Chaudfontaine
10%
16,011 Duffel
10%
21,676 Gembloux
10%
13,582 Ichtegem
10%
11,978 Rochefort
10%
14,521 Rumst
10%
24,869 Soignies
10%
14,682 Thuin
10%
23,358 Zwevegem
10%
13,920 Anzegem
9%
14,512 Beernem
9%
16,208 Beerse
9%
12,346 Bocholt
9%
12,145 Boechout
9%
14,260 Bonheiden
9%
35,238 Châtelet
9%
14,830 Ciney
9%
11,367 Enghien
9%
22,080 Fleurus
9%
11,084 Gistel
9%
10,724 Grobbendonk
9%
13,541 Haacht
9%
16,544 Herve
9%
31,017 Heusden
9%
11,930 Jodoigne
9%
17,485 Kalmthout
9%
17,765 Kasterlee
9%
11,937 Kortemark
9%
12,815 Kraainem
9%
16,813 Lede
9%
14,149 Leopoldsburg
9%
10,687 Melle
9%
14,660 Merchtem
9%
16,000 Neerpelt
9%
20,792 Nijlen
9%
11,070 Olen
9%
13,344 Overpelt
9%
17,405 Ranst
9%
10,069 Retie
9%
21,616 Rixensart
9%
15,007 Rotselaar
9%
17,294 Stabroek
9%
16,989 Stekene
9%
14,569 Ternat
9%
16,574 Tessenderlo
9%
18,117 Wuustwezel
9%
21,968 Zedelgem
9%
20,236 Zele
9%
21,096 Zemst
9%
20,642 Zoersel
9%
19,922 Zonhoven
9%
10,933 Alken
8%
13,495 Assenede
8%
19,978 Balen
8%
13,405 Beloeil
8%
13,853 Berlare
8%
10,334 Borsbeek
8%
29,473 Courcelles
8%
13,518 Couvin
8%
78,747 Deurne
8%
14,266 Genappe
8%
34,443 Hoboken
8%
10,272 Hoeilaart
8%
17,774 Kortenberg
8%
14,815 Kruibeke
8%
22,196 Manage
8%
10,049 Rebecq-Rognon
8%
17,990 Sint-Genesius-Rode
8%
17,658 Sint-Gillis-Waas
8%
10,566 Steenokkerzeel
8%
12,306 Zandhoven
8%
20,058 Boussu
7%
16,853 Destelbergen
7%
20,598 Frameries
7%
11,566 Herk-de-Stad
7%
16,523 Herzele
7%
11,946 Kinrooi
7%
12,638 Kuurne
7%
11,600 Laarne
7%
17,687 Lessines
7%
18,233 Morlanwelz-Mariemont
7%
10,890 Nazareth
7%
10,533 Oud-Heverlee
7%
15,276 Putte
7%
15,809 Riemst
7%
20,373 Schilde
7%
10,786 Staden
7%
11,014 Wichelen
7%
11,917 Wommelgem
7%
13,307 Amay
6%
11,292 Deerlijk
6%
13,497 Esneux
6%
11,888 Gavere
6%
17,129 Haaltert
6%
13,493 Herselt
6%
10,784 Kampenhout
6%
10,232 La Calamine
6%
17,372 Lebbeke
6%
11,980 Liedekerke
6%
10,720 Moorslede
6%
13,151 Oosterzele
6%
12,045 Opwijk
6%
23,594 Oupeye
6%
13,560 Ravels
6%
12,945 Sprimont
6%
13,721 Tremelo
6%
10,317 Vosselaar
6%
14,406 Wemmel
6%
11,581 Zonnebeke
6%
14,353 Chapelle-lez-Herlaimont
5%
12,363 Keerbergen
5%
10,948 Meulebeke
5%
11,025 Seneffe
5%
10,460 Waasmunster
5%
17,501 Walcourt
5%
10,906 Aiseau
4%
23,228 Beersel
4%
12,745 Blégny
4%
11,570 Boortmeerbeek
4%
13,510 Buggenhout
4%
17,699 Diepenbeek
4%
14,352 Éghezée
4%
11,488 Farciennes
4%
25,144 Flémalle-Haute
4%
12,354 Oud-Turnhout
4%
15,909 Pont-à-Celles
4%
11,401 Profondeville
4%
18,491 Quaregnon
4%
12,918 Wanze
4%
11,597 Anderlues
3%
14,932 Aubange
3%
13,861 Basse Lasne
3%
11,588 Bernissart
3%
11,608 Beyne-Heusay
3%
10,943 Chaumont-Gistoux
3%
19,964 Colfontaine
3%
13,642 Dison
3%
15,994 Fléron
3%
10,723 Florennes
3%
10,936 Frasnes-lez-Buissenal
3%
12,367 Grez-Doiceau
3%
13,574 Lubbeek
3%
12,014 Mettet
3%
11,153 Nevele
3%
16,000 Sint-Kruis
3%
15,237 Soumagne
3%
11,587 Theux
3%
13,245 Wezembeek-Oppem
3%
No matching quizzes found
Score Distribution
Percent of People with Each Score
Percentile by Number Answered
Your Score History
You have not taken this quiz